El Turisme rural : una alternativa pel desenvolupament del món rural / Pere Camprubí i García una alternativa pel desenvolupament del món rural / Pere Camprubí i García
Descripción Física:
14 f. : 29 cm
Materias:
Turisme rural -- Congressos
MARC
| LEADER | 00000nam a2200000Ia 4500 | ||
|---|---|---|---|
| 001 | 22487 | ||
| 008 | 160829s9999 xx 000 0 cat d | ||
| 080 | |a FU-57-5 | ||
| 100 | |a Camprubí i García, Pere |9 42741 | ||
| 245 | |a El Turisme rural : |b una alternativa pel desenvolupament del món rural / Pere Camprubí i García | ||
| 260 | |a Barcelona : |b Diputació de Barcelona, [s.a.] | ||
| 300 | |a 14 f. : |b 29 cm | ||
| 590 | |a A la portada: Jornada de debat. Jornades sobre medi ambient i ocupació. Fundació MEDI.TERRA.N.iA. | ||
| 650 | |a Turisme rural |x Congressos |9 43366 | ||
| 710 | 1 | |a Barcelona (Catalunya : Província). |b Diputació |9 52408 | |
| 901 | |a Arxiu | ||
| 942 | |n 1 | ||
| 952 | |0 0 |1 0 |4 0 |6 FU575 |7 1 |9 51391 |a Arxiu |b Arxiu |d 2016-12-01 |l 0 |o FU-57-5 |p 22487 |r 2016-12-01 00:00:00 |w 2016-12-01 |y ARXIU | ||
| 999 | |c 55235 |d 55235 | ||